Statistics for Disney Animated Movie Trivia

Click here to take the quiz!

General Stats

  • This quiz has been taken 10,263 times
  • The average score is 17 of 20

Answer Stats

Question Answer % Correct
What did Cinderella's carriage turn into at midnight?Pumpkin
96%
What part of Dumbo's body was larger than normal?His Ears
96%
What movie is about a puppet who wants to become a real boy?Pinocchio
94%
What were Lady and the Tramp eating when they accidentally kissed?Spaghetti
92%
What is the name of the Princess in "Aladdin"?Jasmine
91%
What type of animal is Robin Hood in the 1973 movie?Fox
90%
What type of animal is Sven in the movie "Frozen"?Reindeer
89%
Which one of the Disney princesses is a Native American?Pocahontas
89%
In "Beauty and the Beast", what household object was Mrs. Potts,
the household cook, transformed into?
Teapot
87%
What 2010 movie was loosely based on the story of Rapunzel?Tangled
87%
What 1959 movie had a villain named Maleficent?Sleeping Beauty
83%
What song from "The Little Mermaid" says "Darling it's better / Down where it's wetter"?Under the Sea
83%
Who was the voice of Maui the demigod in the "Moana"?Dwayne Johnson
82%
Name one of the two dwarfs in "Snow White and Seven Dwarfs" whose name
DOESN'T end in Y.
Doc or Bashful
80%
What movie featured the song "I'll Make a Man Out of You"?Mulan
79%
What was the name of Bambi's rabbit friend?Thumper
78%
Who was the villain in "Hercules"?Hades
73%
In what country does "The Jungle Book" take place?India
71%
What animal was Kuzco transformed into in "The Emperor's New Groove"?Llama
70%
In what fictional kingdom does "The Lion King" take place?The {Pride}lands
59%

Score Distribution

Percentile by Number Answered

Percent of People with Each Score

Your Score History

You have not taken this quiz